| 000 | 00413nam a22001457a 4500 | ||
|---|---|---|---|
| 008 | 230316b |||||||| |||| 00| 0 eng d | ||
| 020 | _a978-0335262182 | ||
| 050 |
_aBF204.6 _b.B66 2019 |
||
| 100 | _aBoniwell, Iiona | ||
| 245 |
_aPositive psychology : _bTheory, research and applications |
||
| 250 | _a2nd ed. | ||
| 260 |
_aLondon _bMcGraw open university press _c2019 |
||
| 300 | _axiv, 313p. | ||
| 942 |
_2lcc _cBK |
||
| 999 |
_c20071 _d20070 |
||